00569cac a2200181 4500008004100000020001500041035001200056050002200068100002300090245005900113250001200172260003200184300002900216440003800245504003200283504002100315651005100336070227r20052004mx 000 0 spa u a9706137750 aa45906504aKGF292 bC78 20051 aCruz Barney, Oscar10aHistoria del derecho en México /cOscar Cruz Barney. a2a. ed. aMéxico :bOxford, cr2006 axxxii, 1042 p. ;c23 cm. 0aTextos jurídicos universitarios aBibliografía : p. 883-987 aIncluye índice 7aMéxico xDerecho-historia y crítica 2lemb